Score 0/16 Timer 02:30
0 Plays Today
TV Show Missing Word % Correct
_____ and MortyRick
82.2%
Space Ghost Coast to _____Coast
80.1%
_____ Tyson MysteriesMike
79.9%
The Greatest Event in Television _____History
79.4%
_____ ChickenRobot
75.5%
Check It _____! with Dr. Steve BruleOut
74.3%
Harvey Birdman, _____ at LawAttorney
74.1%
Aqua Teen _____ ForceHunger
71.8%
TV Show Missing Word % Correct
Samurai _____Jack
68.4%
_____ Pretty Face Is Going to HellYour
54.2%
The Venture _____Bros.
48.4%
Tim and Eric Awesome _____, Great Job!Show
44.5%
The _____ Andre ShowEric
36.1%
Childrens _____Hospital
31.5%
_____ 2021Sealab
25.2%
Tom _____ to the MayorGoes
23.7%

Today's Daily Dose

Missing Word
1900s A-Z

Word Ladder
Space Firsts

Quick Pick
Salsa

Get the Picture
Body Systems

Remove Ads.
Support Sporcle.
Get the best of Sporcle when you Go Orange. This ad-free experience offers more features, more stats, and more fun while also helping to support Sporcle. Thank you for becoming a member.

You're not logged in!

Compare scores with friends on all Sporcle quizzes.
OR
Log In

Show Comments

Extras

Top Quizzes Today


Score Distribution

Your Account Isn't Verified!

In order to create a playlist on Sporcle, you need to verify the email address you used during registration. Go to your Sporcle Settings to finish the process.

Report this User

Report this user for behavior that violates our Community Guidelines.

Details: